Cost Accounts Theaory & Practice. (Record no. 757011)

MARC details
000 -LEADER
fixed length control field 00622nam a2200181Ia 4500
008 - FIXED-LENGTH DATA ELEMENTS--GENERAL INFORMATION
fixed length control field 100921s9999 xx 000 0 und d
082 ## - DEWEY DECIMAL CLASSIFICATION NUMBER
Item number 7898
Classification number 330 थ 73
100 ## - MAIN ENTRY--PERSONAL NAME
Personal name Patkar M.G.
245 ## - TITLE STATEMENT
Title Cost Accounts Theaory & Practice.
260 ## - PUBLICATION, DISTRIBUTION, ETC. (IMPRINT)
Name of publisher, distributor, etc फडके अेम.व्हि.आणि कंपनी.कोल्हापूर.
Date of publication, distribution, etc 1973
300 ## - PHYSICAL DESCRIPTION
Extent 213
Other physical details ---
365 ## - TRADE PRICE
Price amount 9
520 ## - SUMMARY, ETC.
Summary, etc स.शा.अर्थशास्त्र.
630 ## - SUBJECT ADDED ENTRY--UNIFORM TITLE
Uniform title Cost Accounts Theaory & Practice.
650 ## - SUBJECT ADDED ENTRY--TOPICAL TERM
Topical term or geographic name as entry element स.शा.अर्थशास्त्र.
730 ## - ADDED ENTRY--UNIFORM TITLE
Uniform title Cost Accounts Theaory & Practice.
942 ## - ADDED ENTRY ELEMENTS (KOHA)
Koha item type Book
Holdings
Withdrawn status Lost status Damaged status Not for loan Home library Current library Shelving location Date acquired Cost, normal purchase price Total Checkouts Barcode Date last seen Price effective from Koha item type Public note
  Missing from bundle     Lo. Tilak Granthasangrahalaya, Wai Lo. Tilak Granthasangrahalaya, Wai     9.00   WAITILAKGS-7898 09/21/2010 09/21/2010 Book गहाळ